Meranie výkonnosti portfólia

Výber fondu na základe vhodnosti. Riziká spojené s investovaním. Sharpeho ukazovateľ.

Enregistré dans:
Détails bibliographiques
Auteur principal: Bikár, Miloš, 1973-
Autres auteurs: Kmeťko, Miroslav, 1969-
Format: Chapitre de livre
Langue:slovaque
Sujets:
Tags: Ajouter un tag
Pas de tags, Soyez le premier à ajouter un tag!

MARC

LEADER 00000naa$a2200000$$$4500
001 0250647
005 20240502074022.2
041 0 |a slo 
044 |a SK 
245 1 0 |a Meranie výkonnosti portfólia  |c Miloš Bikár, Miroslav Kmeťko 
520 |a Výber fondu na základe vhodnosti. Riziká spojené s investovaním. Sharpeho ukazovateľ. 
610 2 0 |a fondy investičné 
610 2 0 |a volatilita 
610 2 0 |a riziko investičné 
610 2 0 |a meranie výkonnosti 
610 2 0 |a portfólio 
100 1 |a Bikár, Miloš, 1973- 
700 1 |a Kmeťko, Miroslav, 1969-